01626nam a2200277 450000100030000000300040000300500170000700800410002402000150006504000080008004100130008808200170010110000300011824000180014824501010016625000190026726000340028630000120032052008800033265000250121265000220123765000120125965500100127170000300128170000370131128OSt20250207093736.0250121b |||||||g |||| 00| j eng d a8573210427 bpor hspaapor aar860bA725f1 aArlt, Roberto,d1900-1942 aEl jorobadito aAs feras /cArlt, Roberto ; Tradução de Sérgio Molina e Apresentação de Ricardo Piglia a2° edição aSão PaulobIluminurasc2002 a156 p.  aRoberto Arlt (1900-1942) não precisa de apresentação, mas deste livro, que reúne os contos mais famosos da Noite Terrível, Las fieras, Escritor fracassado, Ester Primavera entre outros, é bom registrar os conceitos que merecem a Luis Emilio ... os relatos de Arlt são subjugados até pela promiscuidade de realismo e imaginação como o baul-mundo onde el viajero amontona a ultima hora todos os seus, objetos dispersos (...) Todas essas criações de sua sensibilidade eruptiva respiram a atmosfera de certos aspectos de Buenos Aires e tocam com freqüência aspectos da psicologia coletiva. Os elementos mas opuestos se amalgamam nos relatos de El jorobadito con frenesi lo folletinesco corre aparejado a un realismo intenso, sem precedentes em nossa literatura; passagens escabrosas a granel estão em contato com reações de pureza expiatórias. 0aLiteratura argentina 0aHistorias curtas  0aEspanto 0aConto aSérgio MolinaeTradutor aRicardo PigliaeApresentação